Normal view
MARC view
Entry Meeting Name
001 - CONTROL NUMBER
- control field: 44675
003 - CONTROL NUMBER IDENTIFIER
- control field: ARRUPE
005 - DATE AND TIME OF LATEST TRANSACTION
- control field: 20190214104158.0
008 - FIXED-LENGTH DATA ELEMENTS
- fixed length control field: 190214|| aca||aabn | a|a d
040 ## - CATALOGING SOURCE
- Original cataloging agency: ARRUPE
- Transcribing agency: ARRUPE
111 ## - HEADING--MEETING NAME
- Meeting name or jurisdiction name as entry element: Conference on Natural Law
- Date of meeting: (2006 :
- Location of meeting: University of Navarra)
670 ## - SOURCE DATA FOUND
- Source citation: Work cat.: (ARRUPE)0: Conference on Natural Law (2006 : University of Navarra), Contemporary perspectives on natural law :, c2006.